Online
Catalog

The Americana annual : (Record no. 41518)

MARC details
000 -CABECERA
campo de control de longitud fija 00679nam a2200193 a 4500
001 - NÚMERO DE CONTROL
campo de control 000042029
005 - FECHA Y HORA DE LA ÚLTIMA TRANSACCIÓN
campo de control 20201002035908.0
008 - DATOS DE LONGITUD FIJA--INFORMACIÓN GENERAL
campo de control de longitud fija 130821s1966 xxuabc 001 0 eng d
040 ## - FUENTE DE LA CATALOGACIÓN
Centro catalogador/agencia de origen DO-SdBNP
Lengua de catalogación eng
Centro/agencia transcriptor BNPHU
082 ## - NÚMERO DE LA CLASIFICACIÓN DECIMAL DEWEY
Número de clasificación R 031
Número de documento/Ítem A512
245 00 - MENCIÓN DE TÍTULO
Título The Americana annual :
Resto del título an encyclopedia de the events /
Mención de responsabilidad, etc. editor George A. Cornish.
260 ## - PUBLICACIÓN, DISTRIBUCIÓN, ETC.
Lugar de publicación, distribución, etc. [New York ,
-- Chicago] :
Nombre del editor, distribuidor, etc. Americana Corporation,
Fecha de publicación, distribución, etc. 1966.
300 ## - DESCRIPCIÓN FÍSICA
Extensión 788 p. :
Otras características físicas il., map., retrs. ;
Dimensiones 27 cm.
362 ## - FECHAS DE PUBLICACIÓN Y/O DESIGNACIÓN SECUENCIAL
Fecha de publicación y/o designación secuencial 1923-
500 ## - NOTA GENERAL
Nota general La biblioteca posee el año de 1966
650 #4 - PUNTO DE ACCESO ADICIONAL DE MATERIA--TÉRMINO DE MATERIA
Término de materia o nombre geográfico como elemento de entrada Enciclopedias y diccionarios ingleses
9 (RLIN) 12399
700 12 - PUNTO DE ACCESO ADICIONAL--NOMBRE DE PERSONA
Nombre de persona Cornish, George A.
Término indicativo de función/relación ed.
9 (RLIN) 68993
910 ## - DATOS DE OPCIÓN DEL USUARIO (OCLC)
Datos de opción del usuario Validado. Control de calidad MFF
Holdings
Estado de retiro Estado de pérdida Restricciones de uso No para préstamo Código de colección Localización permanente Ubicación/localización actual Ubicación en estantería Fecha de adquisición Número de inventario Total de préstamos Signatura topográfica completa Código de barras Fecha visto por última vez Precio válido a partir de Tipo de ítem Koha
      Excluido de préstamo Monografías: Libros y Folletos General General Depósito 07.11.2013 LF1   R 031 A512 42029-10 25.06.2020 25.06.2020 No se presta

Powered by Koha